Statistics for Greece... or Cyprus?

Click here to take the quiz!

General Stats

  • This quiz has been taken 24,060 times
    (22,969 since last reset)
  • The average score is 16 of 18

Answer Stats

QuestionAnswer% Correct
Has hosted the OlympicsGreece
99%
Has a larger land areaGreece
98%
Has a larger populationGreece
98%
Its biggest cities are Nicosia and LimassolCyprus
97%
Has Turkish as one of its official languagesCyprus
97%
Is considered the birthplace of democracyGreece
96%
Has a cross on its flagGreece
95%
Its capital was named after a goddessGreece
94%
Is part of the European Union and NATOGreece
94%
Almost 25% of its entire population is MuslimsCyprus
93%
Has no working railway systemCyprus
89%
There we can find a demilitarized zone, patrolled by the United NationsCyprus
88%
Has military bases under British sovereignty in its territoryCyprus
88%
Vehicles drive on the leftCyprus
82%
Is further eastCyprus
79%
Has won the Eurovision Song ContestGreece
79%
Is closer to TurkeyGreece
71%
Its biggest mountain ranges are Pindus and RhodopeGreece
61%

Score Distribution

Percentile by Number Answered

Percent of People with Each Score

Your Score History

You have not taken this quiz since the last reset